000 00897cam a22002891i 4500
001 sa 64007523
003 DLC
005 20260227112047.0
008 870422s1961 io ac b 000 0 ind
010 _asa 64007523
035 _a(OCoLC)15565173
040 _aDLC
_cOAU
_dDLC
041 0 _ainddut
042 _apremarc
043 _aa-io---
050 0 0 _aDS643
_b.S827 1961
100 0 _aSoekarno,
_d1901-1970.
245 1 0 _aIndonesia menggugat :
_bpidato pembelaan Bung Karno dimuka hakim kolonial /
_c[Sukarno].
260 _aDjakarta :
_bMasco,
_c[1961]
300 _a203 p. :
_bill., port. ;
_c22 cm.
490 0 _aPenerbitan chusus ;
_v168
500 _aPartly in Dutch.
500 _aErrata slip inserted.
504 _aIncludes bibliographical references.
651 0 _aIndonesia
_xPolitics and government
_y1950-1966.
651 0 _aIndonesia
_xPolitics and government
_y1798-1942.
999 _c60307
_d60307